000 00248nam a2200109Ia 4500
008 190216s9999||||xx |||||||||||||| ||und||
100 _aUbaid T
245 0 _aKannada Cherukathakal
260 _bSahithya Accadamy
650 _aKathakal
942 _cBK
999 _c24989
_d24989